On the truth of the Catholic faith. Summa contra Gentiles (Record no. 33763)
[ view plain ]
| 000 -LEADER | |
|---|---|
| fixed length control field | 00734nam a2200217Ia 4500 |
| 003 - CONTROL NUMBER IDENTIFIER | |
| control field | OSt |
| 005 - DATE AND TIME OF LATEST TRANSACTION | |
| control field | 20210211164514.0 |
| 008 - FIXED-LENGTH DATA ELEMENTS--GENERAL INFORMATION | |
| fixed length control field | 201221s9999||||xx |||||||||||||| ||und|| |
| 040 ## - CATALOGING SOURCE | |
| Transcribing agency | GETS |
| 041 ## - LANGUAGE CODE | |
| Language code of text/sound track or separate title | eng |
| 050 ## - LIBRARY OF CONGRESS CALL NUMBER | |
| Classification number | BX1749 |
| Item number | .T413 1955 |
| 100 ## - MAIN ENTRY--PERSONAL NAME | |
| Personal name | Aquinas, Thomas Saint |
| 245 #0 - TITLE STATEMENT | |
| Title | On the truth of the Catholic faith. Summa contra Gentiles |
| Remainder of title | / |
| Statement of responsibility, etc. | Thomas Aquinas, Saint; Translated, with an introd. and notes, by James F. Anderson |
| 260 ## - PUBLICATION, DISTRIBUTION, ETC. | |
| Place of publication, distribution, etc. | Garden City, N.Y. : |
| Name of publisher, distributor, etc. | Image Books, |
| Date of publication, distribution, etc. | 1955 |
| 300 ## - PHYSICAL DESCRIPTION | |
| Extent | 5 v. |
| Other physical details | ; |
| Dimensions | 19 cm. |
| 505 ## - FORMATTED CONTENTS NOTE | |
| Formatted contents note | v.1 God v.2 Creation v.3 Providence1 v.4 Providence2 v.5 Salvation |
| 650 ## - SUBJECT ADDED ENTRY--TOPICAL TERM | |
| Topical term or geographic name entry element | Apologetics Middle Ages. |
| 650 ## - SUBJECT ADDED ENTRY--TOPICAL TERM | |
| Topical term or geographic name entry element | Apologetics. |
| 700 ## - ADDED ENTRY--PERSONAL NAME | |
| Personal name | Anderson, James F. |
| 942 ## - ADDED ENTRY ELEMENTS (KOHA) | |
| Koha item type | English Books |
| Withdrawn status | Lost status | Damaged status | Not for loan | Home library | Current library | Shelving location | Date acquired | Total Checkouts | Full call number | Barcode | Date last seen | Price effective from | Koha item type |
|---|---|---|---|---|---|---|---|---|---|---|---|---|---|
| GETS Theological Seminary Library | GETS Theological Seminary Library | General Stacks | 12/21/2020 | BX1749.T413 1955 v.2 | 00021609 | 12/21/2020 | 12/21/2020 | English Books |